00540nam a22001697a 450000500170000001000150001702000260003203500130005803700130007108200100008410000170009424501010011126000430021227000550025530000200031050000400033020150907144502.0 aENG-113464 c400.00a9788170544722 aEN-96996 bDBAD/PUB a238.1 aRana, P.C.N. aRaja Ram Mohun Roy : cby P.C.N.Ranabsocial religious and educational aspects of Brahmo Samaj / aNew DelhibClassical Publishing c2011 a28, Shopping Centre, Karampura bNew Delhie110056 a143p.c22cm(Hb) aIncludes bibliographical references